Obyčajný príbeh

Bibliographic Details
Main Author: Cerina, Jano, 1957- (Author)
Format: Book
Language:Slovak
PhysicalDescription:112 s. fareb. fotogr. 24 cm
Published: Banská Bystrica Phoenix 2007
ISBN:9788090056336
Edition:1. vyd.
Subjects:

MARC

LEADER 00000nam a2200000 a 4500
001 vtls008959823
003 SK-MaSNL
005 20260425235334.0
008 251029s2007 xo o g 000 jaslo
015 |a SNBA2007/05-01800 
020 |a 9788090056336  |q (brož.) 
035 |a D6FB2DA3-3F06-4D64-BA7A-F4E702DE1687 
035 |a urn:nbn:sk:snk-aml160 
035 |a urn:nbn:sk:snk-am008mr0 
040 |a SNK  |b slo  |c SNK  |e AACR2 
041 0 |a slo 
044 |a xo  |c SK 
072 7 |a 796  |x Šport. Hry. Telesné cvičenia  |2 konspekt 
072 7 |a 929  |x Biografie  |2 konspekt 
080 |a 796.853.26.071.2  |2 2001 
080 |a 929  |2 2001 
080 |a (0:82-322.6)  |2 2001 
100 1 |a Cerina, Jano,  |d 1957-  |4 aut  |9 100763 
245 1 0 |a Obyčajný príbeh  |c Jano Cerina 
250 |a 1. vyd. 
260 |a Banská Bystrica  |b Phoenix  |c 2007 
300 |a 112 s.  |b fareb. fotogr.  |c 24 cm 
600 1 7 |a Cerina, Ján,  |d 1957-  |2 SNKMA  |9 536106 
650 0 7 |a karatisti  |2 SNKPH  |9 31561 
651 7 |a Slovensko  |2 SNKPH  |9 14231 
655 7 |a autobiografické príbehy  |2 SNKPH  |9 70622 
919 |a 978-80-900563-3-6 
958 |a OND 
968 |d 793/799 
999 |c 826913  |d 828843 
952 |a SNK  |b SNK  |y PREZ  |7 0  |p 17A0547957  |o snkSC 127483  |i snk2007/8723  |8 0  |0 0  |1 0  |4 0  |d 2007-03-29  |f 1  |l 0  |r 2025-06-16 00:00:00  |w 2026-02-24 
952 |a SNK  |b SNK  |y VYP  |7 0  |p 17A0547956  |o snkSC 127483 D1  |i snk2007/8725  |8 0  |0 0  |1 0  |4 0  |d 2007-03-29  |l 0  |r 2026-02-24 03:25:04  |w 2026-02-24